000 00676cam a22002294a 4500
001 13696631
005 20180103090812.0
008 040824s2006 cauab 001 0 eng
010 _a 2004020141
040 _aDLC
_cDLC
_dDLC
041 _aeng
042 _apcc
080 _a570 CAM
082 0 0 _a570 CAM
_222
100 _a11
101 _aBIO
245 0 0 _aBiology :
_cNeil A. Campbell ... [et al.].
504 _aIncludes index.
906 _a7
_bcbc
_corignew
_d1
_eecip
_f20
_gy-gencatlg
942 _2ddc
_cBK
999 _c39656
_d39656